Logo CIB grande

PLANIFICACION Y DISEÑO DE PLANTACIONES FRUTALES (Registro nro. 218916)

Detalles MARC
000 -LEADER
campo de control de longitud fija 00902nam a2200253Ia 4500
005 - FECHA Y HORA DE LA ÚLTIMA TRANSACCIÓN
campo de control 20250425161924.0
008 - DATOS DE LONGITUD FIJA--INFORMACIÓN GENERAL
campo de control de longitud fija 250425s9999 xx 000 0 und d
020 ## - NÚMERO INTERNACIONAL ESTÁNDAR DEL LIBRO
Número Internacional Estándar del Libro 8471146142
041 ## - CÓDIGO DE IDIOMA
Código de lengua del texto/banda sonora o título independiente spa
082 ## - NÚMERO DE LA CLASIFICACIÓN DECIMAL DEWEY
Número de clasificación 634
010 ## - NÚMERO DE CONTROL DE LA BIBLIOTECA DEL CONGRESO
Número de control de LC 35045
100 ## - ENTRADA PRINCIPAL--NOMBRE DE PERSONA
Nombre de persona FERNANDEZ ESCOBAR, R
245 #0 - MENCIÓN DEL TÍTULO
Título PLANIFICACION Y DISEÑO DE PLANTACIONES FRUTALES
250 ## - MENCION DE EDICION
Mención de edición 2A ED.
260 ## - PUBLICACIÓN, DISTRIBUCIÓN, ETC.
Lugar de publicación, distribución, etc. España
Nombre del editor, distribuidor, etc. MUNDI PRENSA
Fecha de publicación, distribución, etc. 1996
260 ## - PUBLICACIÓN, DISTRIBUCIÓN, ETC.
Lugar de publicación, distribución, etc. MADRID
300 ## - DESCRIPCIÓN FÍSICA
Extensión 220
500 ## - NOTA GENERAL
Nota general EN CINGZ-FIMCP DD-30305, D-30568 PARA ING. AGROP.
520 ## - RESUMEN, ETC.
Sumario, etc. EL ESTABLECIMIENTO DE UNA PLANTACION ES UNA OPERACION QUE EXIGE UNA INVERSION ELEVADA, CUYOS PRIMEROS BENEFICIOS SOLO SE PERCIBEN CUANDO HAN TRANSCURRIDO ALGUNOS AÑOS DESPUES DE SU REALIZACION. EN UNA INVERSION DE ESTE TIPO SE REQUIERE DE UN ESTUDIO CUID
650 ## - PUNTO DE ACCESO ADICIONAL DE MATERIA--TÉRMINO DE MATERIA
Término de materia o nombre geográfico como elemento de entrada PLANTACIONES FRUTALES
650 ## - PUNTO DE ACCESO ADICIONAL DE MATERIA--TÉRMINO DE MATERIA
Término de materia o nombre geográfico como elemento de entrada SISTEMAS DE RIEGO
650 ## - PUNTO DE ACCESO ADICIONAL DE MATERIA--TÉRMINO DE MATERIA
Término de materia o nombre geográfico como elemento de entrada SUELO AGRICOLA
942 ## - ELEMENTOS DE ENTRADA SECUNDARIOS (KOHA)
Tipo de ítem Koha Libros
Existencias
Estatus retirado Estado de pérdida Estado de daño No para préstamo Biblioteca de origen Biblioteca actual Fecha de adquisición Coste, precio normal de compra Total de préstamos Código de barras Copia número Ubicación en estantería Tipo de ítem Koha
        CENTRO DE INFORMACIÓN BIBLIOTECARIA CENTRO DE INFORMACIÓN BIBLIOTECARIA 06/01/2003 65.00   37519 1   Libros
        FACULTAD DE INGENIERIA MECANICA Y CIENCIAS DE LA PRODUCCION FACULTAD DE INGENIERIA MECANICA Y CIENCIAS DE LA PRODUCCION 20/01/2004 10.00   D-30305 2    
        FACULTAD DE INGENIERIA MECANICA Y CIENCIAS DE LA PRODUCCION FACULTAD DE INGENIERIA MECANICA Y CIENCIAS DE LA PRODUCCION 13/01/2004 15.00   D-30568 3    

Copyright 2025 ESPOL. Todos los derechos reservados.